=LDR 00000nam 2200000 4500 =001 INLIS000000000017378 =005 20130612112600 =008 ***********************************Ind** =035 ##$$0010-061300000017378 =041 ##$$a Ind =082 ##$$a 621.31 =090 ##$$a 621.31, Sur t =100 ##$$a Suryatmo =245 ##$$a Teknik pengukuran listrik dan elektronik, oleh F. Suryatmo =260 ##$$a 2003 $b Jakarta =300 ##$$a viii, 144 hlm, ilus, 21 cm =650 ##$$a Elektronik-pengukuran =850 ##$$a NBPNMAT